| 000 | 01104cam a2200325 a 4500 | ||
|---|---|---|---|
| 001 | 1163785 | ||
| 003 | OSt | ||
| 005 | 20140310181635.0 | ||
| 008 | 960906s1997 ilua b 000 0 eng | ||
| 010 | _a 96035915 | ||
| 020 | _a0873227832 | ||
| 040 |
_aDLC _cDLC _dDLC |
||
| 050 | 0 | 0 |
_aGV443 _b.P477 1997 |
| 082 | 0 | 0 |
_a796/.07 _220 |
| 245 | 0 | 0 |
_aPhysical education unit plans for grades 3-4 / _cBette J. Logsdon ... [et al.]. |
| 250 | _a2nd ed. | ||
| 260 |
_aChampaign, IL : _bHuman Kinetics, _cc1997. |
||
| 300 |
_axvii, 165 p. : _bill. ; _c28 cm. |
||
| 504 | _aIncludes bibliographical references (p. 162-164). | ||
| 521 | _aFourth year high school and above | ||
| 526 | _c1110L to 1700L | ||
| 541 | _j1 | ||
| 562 | _eFor circulation. One copy available in the collection | ||
| 650 | 0 |
_aPhysical education for children _xCurricula. |
|
| 650 | 0 | _aCurriculum planning. | |
| 700 | 1 | _aLogsdon, Bette J. | |
| 906 |
_a7 _bcbc _corignew _d1 _eocip _f19 _gy-gencatlg |
||
| 942 |
_2lcc _cBK _kTR |
||
| 999 |
_c653 _d653 |
||